00867 2200313 4500001002100000005001700021008004100038020002200079035002400101040001200125041000800137082001900145084001900164090002100183100001600204245010700220250001100327260003000338300003200368440002000400650002000420700000900440700002000449700001800469850001200487990001800499990001800517990001800535INLIS00000000003186420171025105538.0  a978-602-420-158-6 0010-101700000000542 aYOPDYOG0 aind042[23]a899.2213 a899.2213 Dit D aK 899.2213 Dit D0 aDITTA HAKHA1 aD'eiffelc/ Ditta Hakha; penyunting naskah, Diha, Irawati Subrata; penyunting ilustrasi, Kulniya Sally aCet. 1 aBandungbDar! Mizanc2016 a142 hlm.b: ilus.c; 20 cm. aPink Berry Club 4aFiksi Indonesia0 aDiha0 aIrawati Subrata0 aKulniya Sally aYOPDYOG a28684-PD/B.17 a28685-PD/B.17 a28686-PD/B.17